| 000 | 00718cab a2200253 4500 | ||
|---|---|---|---|
| 001 | WB3518-24 | ||
| 008 | 090401t1999 xxu||||| |||| 00| 0 eng d | ||
| 035 | _a(Sirsi) u93342 | ||
| 041 | _aeng | ||
| 245 | _aHousing prices beat oil slump | ||
| 260 | _c1999 | ||
| 350 | _a0 | ||
| 490 |
_aScotsman _v14 May 1999, 6(1) |
||
| 520 | _aDespite the ongoing slump in the oil and gas industry, property sales in the Aberdeen area remain constant. | ||
| 650 | _aABERDEEN | ||
| 650 | _aGAS INDUSTRY | ||
| 650 | _aOIL INDUSTRY | ||
| 650 | _aPROPERTY SALES | ||
| 650 | _aRECESSION | ||
| 650 | _aSCOTLAND | ||
| 690 | _aPROPERTY-RESIDENTIAL PROPERTY-RESIDENTIAL PROPERTY MARKET | ||
| 942 | _n0 | ||
| 948 | _c14/05/1999 | ||
| 999 |
_c59166 _d59166 |
||